Korelácia javov a konfiguračno frekvenčná analýza
Možnosti využitia konfiguračno frekvenčnej analýzy premenných s dvojprvkovými množinami hodnôt pri skúmaní javov v psychológii. Kontrafaktové myslenie. Dotazník. Grafické zobrazenie profilu odpovedí. Premenná socex. Pearsonov korelačný koeficient.
Uložené v:
| Hlavný autor: | |
|---|---|
| Ďalší autori: | |
| Médium: | Kapitola |
| Jazyk: | Slovak |
| Predmet: | |
| Tagy: |
Žiadne tagy, Buďte prvý, kto otaguje tento záznam!
|
MARC
| LEADER | 00000naa$a2200000$$$4500 | ||
|---|---|---|---|
| 001 | 0108913 | ||
| 005 | 20220315123841.2 | ||
| 041 | 0 | |a slo | |
| 044 | |a SK | ||
| 245 | 1 | 0 | |a Korelácia javov a konfiguračno frekvenčná analýza |c Ján Luha, Zdena Ruiselová |
| 520 | |a Možnosti využitia konfiguračno frekvenčnej analýzy premenných s dvojprvkovými množinami hodnôt pri skúmaní javov v psychológii. Kontrafaktové myslenie. Dotazník. Grafické zobrazenie profilu odpovedí. Premenná socex. Pearsonov korelačný koeficient. | ||
| 610 | 2 | 0 | |a korelácia |
| 610 | 2 | 0 | |a tabuľky štatistické |
| 610 | 2 | 0 | |a koeficient korelácie |
| 610 | 2 | 0 | |a testovanie hypotéz |
| 610 | 2 | 0 | |a matice |
| 610 | 2 | 0 | |a psychológia |
| 610 | 2 | 0 | |a dotazníky |
| 610 | 2 | 0 | |a analýza štatistická |
| 610 | 2 | 0 | |a metódy štatistické |
| 100 | 1 | |a Luha, Ján | |
| 700 | 1 | |a Ruiselová, Zdena | |